[Event "Morelia/Linares 23rd"]
[Site "Morelia/Linares"]
[Date "2006.02.19"]
[Round "2"]
[White "Ivanchuk, Vassily"]
[Black "Aronian, Levon"]
[Result "1-0"]
[WhiteElo "2729"]
[BlackElo "2752"]
[Annotator "Stohl,I"]
[PlyCount "89"]
[EventDate "2006.02.18"]
[EventType "tourn"]
[EventRounds "14"]
[EventCountry "ESP"]
[EventCategory "20"]
[SourceTitle "CBM 112"]
[Source "ChessBase"]
[SourceDate "2006.06.07"]
[SourceVersion "1"]
[SourceVersionDate "2006.06.07"]
[SourceQuality "1"]

1. Nf3 Nf6 2. c4 b6 3. g3 Bb7 4. Bg2 c5 5. O-O g6 6. Nc3 Bg7 7. d4 cxd4 8. Qxd4
d6 9. Be3 Nbd7 10. Rac1 Rc8 11. b3 a6 12. Rfd1 O-O 13. Qd2 {White keeps his Q
centralized and temporarily abandons his >> ambitions by refraining from the
currently more topical line} (13. Qh4 Rc7 14. g4 h6 15. Bxh6 $5 $146 Bxh6 16.
Qxh6 Nxg4 17. Qh4 Ngf6 18. Qh6 Ng4 19. Qh4 Ngf6 20. Nd5 (20. Qh6 {1/2,Vallejo
Pons,F-Aronian,L/Morelia/Linares 2006/}) 20... Nxd5 21. cxd5 Nf6 22. e4 a5 (
22... Kg7 $5 23. Nd4 Rh8 24. Qg3 $14 {()}) 23. Qh6 Ng4 24. Qh4 Nf6 25. Qh6 Ng4
26. Qg5 Nf6 27. Nd4 $36 Rc5 $2 28. Rxc5 bxc5 29. Ne6 $1 {1-0,Bu
Xiangzhi-Shchekachev,A/Moscow Aeroflot/2006/}) 13... Ne4 $146 {This
simplifying manoeuvre doesn't seem ideal, as it furthers White's plans of
fighting for the d5-square. Black should try to improve his pieces and prepare
the typical Hedgehog move e6, a good example of this is Chuchelov-Nikolic
below:} (13... Re8 14. Bh3 Qc7 $5 (14... Rc7 15. Ne1 (15. Bh6 Rc5 16. Bxg7 Kxg7
17. Qd4 Qc7 (17... Kg8 18. e4 Rh5 $6 19. Bg2 Qa8 20. Nd5 Nxd5 21. cxd5 {
[%csl Rh5] צh5} e5 22. Qd2 f5 23. Nh4 fxe4 24. Bxe4 Rf8 25. Nxg6 Rf7 26. Nh4
Nc5 27. f3 $16 {Maric,A-Muresan,M/Thessaloniki olw/1988/}) 18. e4 Kg8 19. Qe3
Qb8 20. Nd5 b5 $1 21. cxb5 axb5 22. Nxf6+ Nxf6 23. Rxc5 dxc5 24. Qxc5 Nxe4 25.
Qe3 Rd8 26. Rd4 Qa8 $11 {1/2,Gulko,B-Grischuk,A/WChT Beersheba/2005/}) 15...
Qb8 16. Nc2 Ba8 (16... Bf8 $142 $5 {/\e6<=>}) 17. Nb4 Qb7 18. f3 e6 19. Bf4
Rcc8 20. Bxd6 b5 21. cxb5 axb5 22. e4 Red8 23. Qe3 Nf8 {Shchekachev,A-Lautier,
J/Dordrecht 5'/2001/} 24. Rd3 Ne8 25. Bc5 $16) 15. Ne1 Qb8 16. Nc2 Red8 17. Nb4
e6 $1 18. Bf4 Ne5 19. Qe3 Ba8 20. f3 Nc6 21. Nxc6 Rxc6 22. a4 Qb7 23. Rd3 d5
$132 {Chuchelov,V-Nikolic,P/EU-ch Ohrid/2001/}) (13... Nc5 14. Bh3 Rb8 15. Nd4
Nce4 16. Nxe4 Nxe4 17. Qe1 Qc7 18. b4 h6 19. f3 Ng5 20. Bg2 $14 e5 $6 21. Nb3
f5 22. c5 dxc5 23. bxc5 b5 24. Qa5 Rbc8 25. Rd6 f4 26. Qxc7 Rxc7 27. gxf4 exf4
28. Bd2 Nf7 29. Bxf4 $16 {Shchekachev,A-Cabrilo,G/Ulcinj/1997/}) 14. Nxe4 Bxe4
15. Ne1 (15. Bh3 $5 Rb8 16. Ne1 $14 {/\} b5 $2 17. c5 Nxc5 18. Bxc5 dxc5 19.
Qf4 $18) 15... Nf6 $6 (15... Bxg2 $142 16. Nxg2 Nf6 $11 (16... b5 17. cxb5 axb5
18. Qb4 Ra8 19. Rd2 Qa5 20. Qxa5 Rxa5 21. Rc7 Rd8 22. Rdc2 $14)) 16. Bh3 $1 Rb8
17. Nd3 Ba8 (17... Bb7 {[%csl Rb6] takes the sting out of a future Nb4, but
leaves the ><b6 vulnerable.}) 18. f3 $1 $14 {[%mdl 32] An excellent strategic
move, which limits 2 black minor pieces simultaneously - the Nf6 and the Ba8.}
e6 19. Bf2 {Useful prophylaxis. It's still too early for the concrete} (19. Nb4
a5 20. Na6 Rb7 $1 21. c5 (21. Qxd6 $3 Rd7 $19) 21... Ra7 22. Qd3 Nd5 $15) 19...
Re8 $2 (19... d5 20. c5 (20. cxd5 {[%cal Ye2e4] /\e4()[+]}) 20... bxc5 21. Nxc5
$36) (19... Qc7 $2 20. Nb4 $18 {wins a P for nothing, but better and probably
even necessary was}) (19... Bb7 $142 $14 {[%cal Yd8c7] /\Qc7}) 20. Nb4 $1 {
[%mdl 64]} ({Instead of the sedate} 20. e4 $14 {Ivanchuk plays a concrete line,
as the tactics work out in his favour.}) 20... a5 21. Na6 Rc8 (21... Rb7 22. c5
Ra7 (22... bxc5 23. Nxc5 Rb6 24. Qxa5 $16) 23. Qd3 $36 bxc5 (23... Bb7 24. Nc7
$1 $18) 24. Nxc5 $16) 22. Qxd6 Qxd6 23. Rxd6 $16 {/+-} Nd5 24. Rd1 $6 {This
allows Black to gain an important tempo and confuse the issue.} (24. Re1 $142
Be5 25. Rd7 Bc6 26. Ra7 Nb4 (26... Nc3 27. Bxb6 Nxa2 28. Nc7 Re7 29. Nb5 $1 $18
{Korotylev}) 27. Nxb4 axb4 28. Bxb6 Ra8 29. Rd1 $5 $16 {/+- Ivanchuk}) 24...
Nc3 25. R1d2 b5 26. Rd7 (26. cxb5 $5 Nxb5 27. Rb6 $16) 26... Be5 (26... bxc4
$142 27. Nc7 Rf8 28. Bc5 cxb3 29. axb3 Bh6 $14) 27. cxb5 Nxb5 28. Bf1 Bc6 29.
R7d3 Na3 30. f4 Bf6 31. Nc5 Be7 32. Rd1 Nb5 33. Na4 $138 (33. Rc1 $142 $16)
33... Be4 34. Rd7 Bb4 (34... Bc6 $142 $1 35. R7d2 Bb4 36. Rc2 Be4 $14 {<=>})
35. Bg2 $5 {Exchanges the active B and allows Ivanchuk to coordinate his R.}
Bxg2 36. Kxg2 Rc2 37. Rb7 Na3 38. Rdd7 Rf8 39. Kf3 Nb1 (39... Rxa2 40. Nc5 Nb1
(40... Rb2 41. Nxe6 Rxb3+ 42. Kg2 Re8 43. Nd4 $18) 41. Nxe6 $1 $16) 40. Be3
Rxa2 41. Bc5 (41. Nc5 Nd2+ 42. Bxd2 Bxc5 $14) 41... Nd2+ 42. Kg2 Bxc5 43. Nxc5
e5 $2 ({Although White has improved his position, the game is still not
decided after} 43... Nb1 $142 $8 44. Kf3 Nd2+ 45. Kf2 Rc8 $1 46. Nd3 Rf8 $16)
44. Ne6 $1 exf4 (44... Re8 45. Re7 $1 $18) 45. Rxf7 $1 (45. Rxf7 Rxf7 46. Rb8+
Rf8 47. Rxf8#) 1-0

[Event "RUS-chT 13th"]
[Site "Sochi"]
[Date "2006.04.28"]
[Round "9"]
[White "Ivanchuk, Vassily"]
[Black "Gelfand, Boris"]
[Result "1/2-1/2"]
[WhiteElo "2731"]
[BlackElo "2727"]
[PlyCount "44"]
[EventDate "2006.04.20"]
[EventType "team-tourn"]
[EventRounds "11"]
[EventCountry "RUS"]
[SourceTitle "EXT 2020"]
[Source "ChessBase"]
[SourceDate "2019.10.17"]
[SourceVersion "1"]
[SourceVersionDate "2019.10.17"]
[SourceQuality "1"]
[WhiteTeam "Saransk TPS"]
[BlackTeam "Samara Termosteps"]
[WhiteTeamCountry "RUS"]
[BlackTeamCountry "RUS"]

1. e4 c5 2. Nf3 d6 3. d4 cxd4 4. Nxd4 Nf6 5. Nc3 a6 6. Bg5 e6 7. f4 Nbd7 8. Qf3
Qc7 9. O-O-O b5 10. e5 Bb7 11. Qh3 dxe5 12. Nxe6 fxe6 13. Qxe6+ Be7 14. Bxb5
axb5 15. Nxb5 Qc6 16. Nd6+ Kd8 17. fxe5 Kc7 18. Qxe7 Rxa2 19. exf6 Ra1+ 20. Kd2
Qd5+ 21. Kc3 Qa5+ 22. Kd3 Qd5+ 1/2-1/2

[Event "Olympiad-37"]
[Site "Turin"]
[Date "2006.05.29"]
[Round "8"]
[White "Agrest, Evgenij"]
[Black "Ivanchuk, Vassily"]
[Result "1/2-1/2"]
[WhiteElo "2570"]
[BlackElo "2731"]
[Annotator "Marin,M"]
[PlyCount "143"]
[EventDate "2006.05.21"]
[EventType "team-swiss"]
[EventRounds "13"]
[EventCountry "ITA"]
[SourceTitle "CBM 113"]
[Source "ChessBase"]
[SourceDate "2006.07.31"]
[SourceVersion "1"]
[SourceVersionDate "2006.07.31"]
[SourceQuality "1"]
[WhiteTeam "Sweden"]
[BlackTeam "Ukraine"]
[WhiteTeamCountry "SWE"]
[BlackTeamCountry "UKR"]

1. Nf3 Nf6 2. c4 c5 3. Nc3 d5 4. cxd5 Nxd5 5. d4 Nxc3 6. bxc3 g6 7. e4 Bg7 8.
Rb1 O-O 9. Be2 b6 10. O-O Bb7 11. Qd3 e6 12. Bg5 Qc7 13. Qe3 Nd7 14. e5 {
This is almost authomatically played, but it is a good question whether White
should open the long light diagonal and the d5-square so easily.} ({True,} 14.
h4 {[%csl Yg4] would weaken the g4-square, making the position arising after}
Nf6 {quite playable for Black}) ({But} 14. Bd3 {[%csl Ge4][%cal Yg5h6]}) ({
Or the more neutral} 14. Rfd1 {deserve serious attention.}) 14... a6 $146 ({
The game on which theory has been relying for a long time followed} 14... Rac8
15. Nd2 cxd4 16. cxd4 Qc3 17. Bb5 $16 {Jussupow,A (2565)-Brinck Claussen,B 
(2380)/Plovdiv 1983/EU-chT and the main drawback of Black's position is
obvious: the knight is badly placed.}) ({In a recent game, Ivanchuk tried to
regroup in optimal way with} 14... Bd5 15. Be7 Rfc8 16. Bd6 Qb7 17. a4 cxd4 18.
cxd4 Nb8 {but failed to consolidate after} 19. a5 Nc6 20. axb6 axb6 21. Bc5 {
. His pet queen sacrifice after} Rcb8 22. Rxb6 Qxb6 23. Bxb6 Rxb6 {Gelfand,B 
(2723)-Ivanchuk,V (2729)/Monte Carlo MNC 2006/TWIC 594. did not solve Black's
problems completely and after mutual mistakes White eventually won.}) 15. Be7
Rfc8 16. Bd6 Qc6 {We can understand now the point behind Ivanchuk's novelty.
He ensures some stability tohis queen along the light diagonal.} 17. a4 Qe4 {
and now, the knight proves useful by defending the weak b6-pawn.} 18. dxc5 $6
Nxc5 19. Bxc5 Rxc5 20. Rxb6 Qxe3 21. fxe3 Bxf3 22. Rxf3 Bxe5 23. c4 Bc7 24. Rb2
Rd8 $15 25. Rf1 Rd7 26. Rd1 Rxd1+ 27. Bxd1 Be5 28. Rb4 h5 29. Bb3 Bc7 30. Rb7
h4 31. Ra7 Rc6 32. h3 Bg3 33. Rd7 Rc5 34. Rd2 Re5 35. Rd3 Kf8 36. Bd1 Ke7 37.
Kf1 Rc5 38. Rc3 Be5 39. Rc2 Bd6 40. Ke2 Rg5 41. Kd3 Bb4 42. Rf2 Rc5 43. Rf4 g5
44. Rf2 Rc7 45. Bf3 Kd6 46. Rf1 Ke5 47. Rf2 f5 48. Rc2 a5 49. Ke2 Be7 50. Kf2
Bc5 51. Ke2 Bb4 52. Rc1 Rg7 53. c5 g4 54. Ba8 Ra7 55. Bc6 Rc7 56. Bb5 Bxc5 57.
Rc4 gxh3 58. gxh3 Rc8 59. Kf3 Rc7 60. Ke2 Kd5 61. Rxh4 Bb4 62. Rd4+ Ke5 63. Rc4
Rg7 64. Kf3 Rg1 65. Rc6 Rh1 66. Kg2 Re1 67. Bc4 Bd6 68. Kf3 Rh1 69. Kg2 Ra1 70.
Bb3 Re1 71. Kf2 Rh1 72. Kg2 1/2-1/2

[Event "Morelia/Linares 24th"]
[Site "Morelia/Linares"]
[Date "2007.02.25"]
[Round "7"]
[White "Ivanchuk, Vassily"]
[Black "Aronian, Levon"]
[Result "1-0"]
[WhiteElo "2750"]
[BlackElo "2744"]
[Annotator "Marin,M"]
[PlyCount "97"]
[EventDate "2007.02.17"]
[EventType "tourn"]
[EventRounds "14"]
[EventCountry "ESP"]
[EventCategory "20"]
[SourceTitle "CBM 117"]
[Source "ChessBase"]
[SourceDate "2007.03.30"]
[SourceVersion "1"]
[SourceVersionDate "2007.03.30"]
[SourceQuality "1"]

1. d4 Nf6 2. c4 e6 3. Nf3 d5 4. Nc3 Bb4 5. Bg5 Nbd7 {In spite of the dangers
he had passed through in his earlier game against Morozevich, Aronian did not
lose faith in this variation.} 6. cxd5 exd5 7. Qc2 {Ivanchuk chooses a quiet
system of development, which is not without poison as we shall see.} c5 8. a3
Bxc3+ 9. Qxc3 h6 10. Bxf6 ({Consequent to his linear strategy.} 10. Qe3+ {
was played in Van Wely-Sargissian, Bundesliga 2006 and Van Wely-Aronian, Wijk
aan Zee 2007, which might be a hint that this line is an Armenian specialty.})
10... Qxf6 11. e3 O-O 12. Be2 b6 13. O-O Bb7 {The position is characteristic
for the Tartakower-Makagonov-Bondarevsky variation of the Queen's Gambit
declined. The main differences are that in the QGD the queens find themselves
in opposition on the a3-e7 diagonal and that the black bishop is developed
slightly more actively on e6.} (13... a6 $5 14. Rac1 c4 15. Ne5 b5 16. f4 Qd6
17. Bf3 Bb7 18. g4 Rfe8 19. Rce1 Nf8 20. g5 {Taking advantage by the fact that
Black has released the tension in the centre, White has built up a dangerous
kingside attack.} hxg5 21. fxg5 Rxe5 $5 {This sacrifice does not prevent
White's long-term attack.} 22. dxe5 Qe7 23. h4 Ng6 24. Qd4 Nxe5 25. Bg2 Re8 26.
Re2 Qe6 27. Ref2 Re7 28. Rf5 Nd3 29. h5 Ne5 30. h6 $18 {Yakovich,Y (2577)
-Sargissian,G (2658)/Moscow RUS 2007/TWIC 641 (1-0, 49)}) 14. Rfc1 {A novelty.
White usually developes the other rook on c1.} (14. b4 $5 c4 15. b5 a6 16. a4 {
led to an interesting structure, where each side has his trumps. Black relies
on his passed pawn, while White will try to setup pressure against the d5-pawn.
} Qe7 17. Nd2 Ra7 18. Bf3 Nf6 19. Rfb1 a5 20. Re1 Ba8 21. Rab1 Qd6 22. Bd1 Re8
23. Bc2 Rc7 24. f3 Rd8 25. Nf1 Bb7 26. Ng3 g6 27. Nh1 Re7 $13 {Goldin,A (2590)
-Voitsekhovsky,S (2475)/Novgorod 1997/CBM 060 (1/2-1/2, 75)}) (14. Rac1 Rfc8
15. Rfd1 Qe7 (15... a5 $5) 16. dxc5 bxc5 17. b4 $14 d4 $5 18. Qd2 Re8 $5 (18...
Nf6 $2 19. bxc5 dxe3 20. Qxe3 Qxe3 21. fxe3 Ne4 22. Ne5 Nxc5 23. Bc4 $16 {
Kazhgaleyev,M (2606)-Hanley,C (2419)/Port Erin IOM 2006/TWIC 621 (1-0, 63)})
19. bxc5 dxe3 20. Qxe3 (20. Qxd7 $2 exf2+ 21. Kh1 $8 Qxd7 22. Rxd7 Bxf3 $1 23.
gxf3 $8 Rxe2 $15) (20. fxe3 Nxc5 $15) 20... Qf8 $1 {[%csl Yc5,Ye2]} 21. Qf4
Nxc5 22. Bc4 $14 {[%csl Yc1,Yc4,Yd1,Gf7]}) 14... Rac8 15. dxc5 Qxc3 16. Rxc3
Rxc5 ({Black cannot maintain the compactness of his structure with} 16... bxc5
{because of} 17. b4 {, ensuring White the control of the d4-square. The point
behind Ivanchuk's novelty is revealed after} cxb4 18. Rxc8 Rxc8 19. axb4 {
when the queen's rook is optimally placed on its initial square.}) 17. Rcc1 $5
({A paradoxical move. White is not sufficiently well prepared to fight for the
control of the c-file with} 17. Rac1 {because of} Rfc8 {when} 18. Rxc5 bxc5 19.
b4 cxb4 {leads to simplification and a probable draw, in spite of Black's
isolated pawn. One general rule states that the side playing against the
isolani should keep as many major pieces on board and try to provoke the
exchange of minor pieces, in order to successfully attack the relative
weakness of the central pawn. From this perspective, Ivanchuk's willing
retreat is easy to understand.}) 17... Rfc8 $6 ({Obviously missing White's
idea. Safer would have been} 17... Rxc1+ 18. Rxc1 Rc8 {with a
defensibleposition for Black.}) 18. Rd1 $1 {Of course. Black's activity along
the c-file will have a temporary character, while the pressure against the
d5-pawn will be permanent.} Rc2 19. Bb5 Nf8 20. Rab1 R2c7 21. Ba4 Ne6 22. Bb3
Kf8 23. h3 Rc5 24. Kh2 Ke7 25. Rd2 Rb5 26. Ba2 Rbc5 27. Ne1 a5 28. Rbd1 Rd8 29.
Kg3 Rb5 30. f3 {White has a pleasant position, but there is a long way till
achieving something more concrete still.} Rc8 $2 ({Rather careless. Black
should have brought the other rook into safety with} 30... Rc5) 31. Nd3 $1 {
Suddenly, the rook is trapped. The threat a4 is hard to prevent in adequate
way.} d4 ({Other moves also lose this pawn, for instance} 31... a4 32. Nb4 Nc7
33. e4 {when} dxe4 34. Rd7+ {leads to a devastating attack}) ({or} 31... Nc5
32. Nf4 Na4 33. Bxd5 Bxd5 34. Nxd5+ {when the central knight compensates for
the presure against the b2-pawn.}) 32. Bxe6 Kxe6 33. Nf4+ Ke7 34. Rxd4 Rc7 35.
R1d2 {White is basically winning now, but Aronian went down rather quickly,
possibly demoralized by the unexpected course of events.} Rbc5 36. e4 Rc4 37.
Rd6 R4c6 38. e5 Rc2 39. Rxc2 Rxc2 40. Rxb6 Bc6 41. b4 g5 42. Nh5 axb4 43. axb4
Bd5 44. Ng7 Re2 45. Nf5+ Ke8 46. Nxh6 Be6 47. Rb5 Rb2 48. Rb8+ Kd7 49. Rg8 1-0

[Event "Morelia/Linares 24th"]
[Site "Morelia/Linares"]
[Date "2007.03.09"]
[Round "13"]
[White "Aronian, Levon"]
[Black "Ivanchuk, Vassily"]
[Result "1/2-1/2"]
[WhiteElo "2744"]
[BlackElo "2750"]
[Annotator "Marin,M"]
[PlyCount "78"]
[EventDate "2007.02.17"]
[EventType "tourn"]
[EventRounds "14"]
[EventCountry "ESP"]
[EventCategory "20"]
[SourceTitle "CBM 117"]
[Source "ChessBase"]
[SourceDate "2007.03.30"]
[SourceVersion "1"]
[SourceVersionDate "2007.03.30"]
[SourceQuality "1"]

1. d4 Nf6 2. c4 e6 3. Nf3 b6 4. g3 Bb7 5. Bg2 Be7 6. O-O O-O 7. d5 $5 ({
This move was introduced in top level games by Polugajevsky during his
Candidate's match against Kortschnoj, back in 1981. Polugajevsky was probably
exasperated by the fact that he could not get an advantage in the "normal" line
} 7. Nc3 Ne4 8. Qc2 Nxc3 9. Qxc3 f5 {(in fact, he even lost one game with it
in that match, as he had done 3 years earlier against the same opponent and
same kind of event.) Later, the young Kasparov included this interesting pawn
sacrifice into his repertoire. However, Black gradually discovered ways to
stand the first way of White's assault.}) 7... exd5 8. Nh4 ({This is
Polugajevsky's novelty. He came up with it in the last game of the match, when
he desperately needed to win in order to even the score. Previously, he tried
the known} 8. Nd4 {in two games of the match.}) 8... c6 9. cxd5 Nxd5 10. Nf5
Nc7 11. Re1 d5 12. e4 d4 $5 {A rare move and a pragmatic decision. Black
returns the pawn for the sake of rapid development.} 13. Nxd4 (13. Qg4 g6 14.
e5 Bc8 $6 15. Nxe7+ Qxe7 16. Qxd4 {led to an advantage for White in
Mamedyarov-Palo, Chalkidiki 2001. Black should probbaly prefer 14...Ne6,
defending his extra-pawn. If one is going to suffer, he should have some
consolation at least.}) 13... c5 14. Nf5 Nc6 15. Nc3 ({A novelty over} 15. e5 {
when after} Qxd1 16. Rxd1 Rfd8 17. Bd2 Bf8 18. Nc3 Ne6 {the control of the
d4-square and the stability of the e6-knight offered Black a reasonable
position in Piket-Almasi, Monaco 2002.}) 15... Nd4 {Now that this knight is
not pinned anymore, it can jump on this active square.} 16. Bf4 {It might look
tempting to capture on e7, but this would just eliminate White's most active
piece and help Black complete his development.} Bf6 ({Black should also avoid
releasing the tension. After} 16... Nxf5 17. exf5 Bxg2 18. Kxg2 {it would be
hard to improve the position of the c7-knight and retain some chances for the
control of at least one of the central files. For instance,} Ne8 19. Qf3 {
with dangerous initiative for White.}) ({The main alternative to the text move
was} 16... Nce6 {, consolidating the d4-knight.}) 17. e5 $5 {An interesting
exchange of tactical blows starts now.} Bxg2 18. exf6 Bf3 19. Ne7+ Kh8 20. Bxc7
Qxc7 21. Nb5 Bxd1 22. Nxc7 Bc2 23. Nxa8 Nf3+ 24. Kg2 Nxe1+ 25. Rxe1 Rxa8 26.
Nd5 gxf6 27. Nxf6 Kg7 28. Nh5+ Kf8 29. g4 {The position has calmed down and is
about equal.} Rd8 30. Nf6 h6 31. Kg3 Kg7 32. Nh5+ Kf8 33. Nf6 Ba4 34. Ne4 Bc6
35. Nc3 Rd2 36. Re2 Rd4 37. Re1 Bd7 38. f3 Be6 39. a3 Rd2 1/2-1/2